Paroles - Aimer est plus fort que d'être aimé - Daniel Balavoine - Statistiques

Statistiques générales
  • Ce quiz a été pris 51 fois
  • Le résultat moyen est 145 sur 192
Statistiques - réponses
Réponse % Correct
a
100%
à
100%
aimé
100%
Aimer
100%
de
100%
De
100%
d'être
100%
est
100%
Et
100%
fort
100%
plus
100%
Que
100%
que
100%
la
94%
le
94%
les
94%
ce
91%
se
91%
te
91%
Te
91%
des
89%
qui
89%
tes
86%
dans
83%
Ne
83%
ne
83%
tout
83%
L'amour
80%
Tu
80%
tu
80%
il
77%
Il
77%
mais
77%
Mais
77%
Ou
77%
ou
77%
porte
77%
un
77%
ceux
74%
pas
74%
secrets
74%
efforts
71%
pour
69%
sais
69%
Sais
69%
Toi
69%
Tous
69%
On
63%
peut
63%
qu'est
63%
regards
63%
sont
63%
sous
63%
dévore
60%
face
60%
faux
60%
n'y
60%
sur
60%
toujours
60%
vrais
60%
leur
57%
qu'on
57%
rien
57%
savoir
57%
Si
57%
vérité
57%
blasphème
54%
brisé
54%
deux
54%
faut
54%
glace
54%
qu'il
54%
remplace
54%
arranger
51%
avances
51%
courroucés
51%
haine
51%
lancent
51%
mots
51%
récolte
51%
sème
51%
connais
49%
menace
49%
miroir
49%
rempart
49%
suprême
49%
buvard
46%
écris
46%
fondre
46%
l'ambition
46%
races
46%
voir
46%
vouent
46%
délie
43%
Ils
43%
masse
43%
faudrait
40%
brise-glace
37%
rocher
37%
inversés
34%
parles
34%
t'étouffer
34%
voudraient
31%
voudrons
26%
couler
17%
Aucun quiz correspondant
Distribution des résultats
% des personnes avec chaque résultat
Percentile par nombre de réponses
Votre historique - résultats
Vous n’avez pas pris ce quiz